00588nam a2200169 a 450000100100000000500170001000800410002702000150006804000250008308200140010824500920012226000600021430000300027449000470030470000200035183000470037100004129920201002034752.0130930s1985 mx c 001 0 spa d a9688100986 aDO-SdBNPbspacBNPHU axxxbxxxx00aMéxico y España durante la revolución mexicana. /ccompilación, Carlos Illades. aMéxico :bSecretaria de Relaciones exteriores,c1985. a243 p. :bretr. ;c23 cm.1 aArchivo histórico diplomático Mexicano1 aIllades, Carlos 0aArchivo histórico diplomático Mexicano